| 000 | 00931cam a2200253 a 4500 | ||
|---|---|---|---|
| 001 | 4380 | ||
| 005 | 20250822104955.0 | ||
| 020 | _a9780590960977 | ||
| 040 |
_aDLC _cDLC _dDLC _beng |
||
| 050 | 0 | 0 |
_aPZ7.R9553 _b1999 |
| 082 | 0 | 0 | _a813.6 |
| 100 | 1 | _aRyan, Pam Muñoz | |
| 245 | 1 | 0 |
_aAmelia and Eleanor go for a ride : _bbased on a true story / _cstory by Pam Muñoz Ryan ; pictures by Brian Selznick. |
| 250 | _aFirst Scholastic paperback printing , September 2000 | ||
| 260 |
_aNew York : _bScholastic Press, _c1999 |
||
| 300 |
_a40 unnumbered pages : _billustration ; _c24 cm . |
||
| 505 | _aR | ||
| 520 | _aA fictionalized account of the night Amelia Earhart flew Eleanor Roosevelt over Washington, D.C. in an airplane. | ||
| 521 |
_a750
_bLexile AD |
||
| 650 |
_aairplane _vhistorical fiction |
||
| 700 | 1 |
_aSelznick, Brian _eillustrator |
|
| 906 |
_a7 _bcbc _corignew _d1 _eocip _f19 _gy-gencatlg |
||
| 942 |
_2ddc _cBK _n0 |
||
| 999 |
_c4380 _d4380 |
||